000 00692nam a22002177a 4500
999 _c9948
_d9948
003 AR-CdUCM
008 190328b ||||| |||| 00| 0 spa d
020 _a978-607-32-3462-7
040 _aMUNICIPALIDAD PROVINCIAL DEL CUSCO
_cBIBLIOTECA MUNICIPAL DEL CUSCO
082 _aPI-0101 /
_bPEY / bus
100 _aPeyron, Gabriela
_926504
245 _aEn busca de la sombra perdida /
260 _aMéxico :
_bPearson Educación México,
_c2018.
300 _bilustraciones a color,
_c20 cm.
500 _aNo cuenta con numeración impresa.
650 _acuento infantil mejicano
_926505
650 _aSiglo XX
_98
700 _aVélez, Carlos
_926506
942 _2ddc
_cLIBROS
945 _araen